Statistics for First Names of World Leaders

Click here to take the quiz!

General Stats

  • This quiz has been taken 165 times
  • The average score is 17 of 21

Answer Stats

First NameLast Name% Correct
AbrahamLincoln
98%
AngelaMerkel
97%
FidelCastro
97%
MargaretThatcher
97%
NapoleonBonaparte
97%
NelsonMandela
97%
MaoZedong
94%
CheGuevara
93%
JosephStalin
92%
BenitoMussolini
90%
CharlesDeGaul
88%
JustinTrudeau
88%
SaddamHussein
88%
SimonBolivar
87%
MarieAntoinette
84%
MahatmaGandhi
80%
BenazirBhutto
59%
MarkAntony
59%
MuammarGaddafi
53%
MariaTheresa
26%
RobertLee
22%

Score Distribution

Percentile by Number Answered

Percent of People with Each Score

Your Score History

You have not taken this quiz